| 000 | 00527 a2200169 4500 | ||
|---|---|---|---|
| 999 |
_c41642 _d41642 |
||
| 003 | OSt | ||
| 005 | 20221101103344.0 | ||
| 008 | 221101b ||||| |||| 00| 0 eng d | ||
| 020 | _a9780070655720 | ||
| 040 | _coclc | ||
| 082 |
_a647.94068 _bAND/T |
||
| 100 | 1 |
_99200 _aAndrews, Sudhir |
|
| 245 |
_aTextbook of hotel housekeeping management and operations / _cSudhir Andrews |
||
| 260 |
_aNew Delhi: _bMc grawhill, _c2016. |
||
| 300 | _a478 pages | ||
| 942 |
_2ddc _cBK _h647.94068 _iAND/T _k647.94068 _mAND/T |
||